Strategischen Management und strategische Kontrolle /

Saved in:
Bibliographic Details
Main Author: Zettelmeyer, Bernd (Author)
Format: Book
Language:German
Published: Darmstadt : Toeche-Mittler Verlag, 1984
Subjects:
Tags: Add Tag
No Tags, Be the first to tag this record!

MARC

LEADER 00000nam a22000003a 4500
001 stu44477
005 20150617225658.6
008 950403s1984----gw------------------ger-d
020 |a 3-87820-063-3 
040 |a STU  |b slo 
041 0 |a ger 
044 |a gw 
080 |a 65.012.4 
100 1 |a Zettelmeyer, Bernd  |4 aut 
245 1 |a Strategischen Management und strategische Kontrolle /  |c [aut.]Bernd Zettelmeyer 
260 |a Darmstadt :  |b Toeche-Mittler Verlag,  |c 1984 
300 |a 308 s 
650 7 |a Management strategický  |2 stusub 
996 |b 284M053064  |c M*8987-1  |l MMKN  |s A  |a 24  |w stu44477_0001